000 00361nam a2200145Ia 4500
008 240624s9999 xx 000 0 und d
041 _aeng
082 _a155.2 HAL
100 _aHALL CALVIN S
245 _aTHEORIES OF PERSONALITY
250 _a(4th ed.)
260 _c2007
_aNew Delhi
_bWiley India
300 _axxvii, : 740 : p. : cm. ; 23
365 _cRS
_b35
999 _c8595
_d8595